Bomarzo
Sparad:
| Huvudupphovsman: | |
|---|---|
| Materialtyp: | Bok |
| Språk: | spanska |
| Publicerad: |
Buenos Aires
Sudamericana
1968
|
| Upplaga: | 7a. ed |
| Serie: | Colección Piragua, 135
|
| Ämnen: | |
| Taggar: |
Lägg till en tagg
Inga taggar, Lägg till första taggen!
|
MARC
| LEADER | 00000cam a2200000 a 4500 | ||
|---|---|---|---|
| 001 | UCT6603 | ||
| 003 | CL-VaPUC | ||
| 008 | 970113e19680000AG |||||||||||||||||spa|d | ||
| 082 | 0 | 4 | |a Ar863 |b MUJ |2 21 |
| 100 | |a Mujica Lainez, Manuel |e autor |9 329588 | ||
| 245 | 1 | 0 | |a Bomarzo |
| 250 | |a 7a. ed | ||
| 300 | |a 669 p | ||
| 942 | |c BK | ||
| 945 | |d 19970113 00:00:00 |a rleighto | ||
| 260 | |a Buenos Aires |b Sudamericana |c 1968 | ||
| 650 | 0 | |a Novelas argentinas |9 267871 | |
| 583 | |a last modification |c 20150527 02:48:00 |k Rodrigo Vera | ||
| 490 | 0 | |a Colección Piragua, 135 | |
| 999 | |c 255291 |d 255289 | ||
| 952 | |0 0 |1 0 |4 0 |6 AR_863_000000000000000_MUJ_1968 |7 0 |8 A |9 277482 |a BIBEDU |b BIBEDU |d 2019-11-19 |i 3267008 |o Ar863 MUJ 1968 |p 3267008 |r 2019-11-19 |w 2019-11-19 |y BK |k LIT | ||
| 952 | |0 0 |1 0 |3 erb |4 0 |6 AR_863_000000000000000_MUJ_1968 |7 0 |8 A |9 277483 |a BIBEDU |b BIBEDU |e Villagrán Garnham, Jorge |i 5176417 |o Ar863 MUJ 1968 |p 5176417 |r 2019-11-19 |w 2019-11-19 |y BK |z Catalogado en:20150529 |k LIT | ||